000 00299nam a22001337a 4500
020 _qHB.
040 _cFIZZA ISHAQ
082 _a005.74
_bTAH
100 _aJO,TAHEO.
_991579
245 _aTEXT MINING CONCEPTS /
_cTAHEO JO.
260 _aSPINGER ;
_c005.74
300 _a373 P. ;
942 _2ddc
_cBK
999 _c589708
_d589708